Investigation of MALDI-TOF and FT-MS techniques for analysis of escherichia coli whole cells /
Đã lưu trong:
| Andre forfattere: | , , , , |
|---|---|
| Format: | Bài viết |
| Sprog: | English |
| Fag: | |
| Tags: |
Tilføj Tag
Ingen Tags, Vær først til at tagge denne postø!
|
| Thư viện lưu trữ: | Thư viện Trường Đại học Đà Lạt |
|---|
| LEADER | 00983nam a2200325 4500 | ||
|---|---|---|---|
| 001 | DLU090096889 | ||
| 005 | ##20091201 | ||
| 040 | # | # | |a DLU |b eng |
| 041 | # | # | |a eng |
| 044 | # | # | |a us |
| 245 | # | # | |a Investigation of MALDI-TOF and FT-MS techniques for analysis of escherichia coli whole cells / |c Jeffrey J. Jones ... [et al.]. |
| 653 | # | # | |a Analytical chemistry |
| 653 | # | # | |a Cells |
| 653 | # | # | |a Escherichia coli |
| 653 | # | # | |a Investigation |
| 700 | # | # | |a Fleming, Richard C. |
| 700 | # | # | |a Jones, Jeffrey J. |
| 700 | # | # | |a Lay, Jackson O., Jr. |
| 700 | # | # | |a Stump, Michael J. |
| 700 | # | # | |a Wilkins, Charles L. |
| 773 | # | # | |t Analytical Chemistry |g Vol. 75, no. 6 (March 2003), p. 1340-1347 |
| 920 | # | # | |a Phòng Tạp chí -- Trung tâm Thông tin - Thư viện Trường Đại học Đà Lạt |
| 994 | # | # | |a DLU |
| 900 | # | # | |a True |
| 911 | # | # | |a Trương Bảo Trâm Anh |
| 925 | # | # | |a G |
| 926 | # | # | |a A |
| 927 | # | # | |a BB |
| 980 | # | # | |a Thư viện Trường Đại học Đà Lạt |